000 00713nam a2200193 4500
999 _c17510
_d17510
008 221027b ||||| |||| 00| 0 eng d
020 _a9789719647638
082 _22022
_aDFil 658.405
_bSe391
100 _aSeguido, Michael S.
_946568
245 _aDispute resolutions and crises/incidents management /
_cMichael S. Seguido and Rowela Cartin-Pecson.
260 _aQuezon City :
_bChapterHouse Publishing Incorporated,
_c©2022.
300 _a220 pages ;
_c22 cm.
500 _aIncludes bibliographical references.
650 _aCrisis management.
_946569
650 _aManagement.
_946570
650 _aConflict management.
_94576
700 _aCartin-Pecson, Rowela.
_eauthor.
_946571
942 _2ddc
_cDFIL